000 00462nam a2200169 i 4500
001 96668
003 ES-MaACL
005 20230906181945.0
007 t|
008 050629s1964 ag ||||1| spa d
100 1 _aManegat, Luis G.
_975968
245 1 3 _aLa Barcelona de Cervantes /
_cLuis G. Manegat.
250 _a[1ª ed.].
260 _aBuenos Aires :
_bPlaza & Janés,
_c1964.
300 _a231 p., 6 h. ;
_c21 cm.
852 _aES-MaACL
_jC-25156
_bR.54037
999 _c96668
_d96668